Pays qui ont changé de capitales (ou qui en ont plusieurs) - Statistiques

Statistiques générales
  • Ce quiz a été pris 71 fois
  • Le résultat moyen est 12 sur 17
Statistiques - réponses
Question Réponse % Correct
Jusqu'en 1991, Lagos était la capitale du Nigeria, comment s'appelle la nouvelle capitale ? Abuja
92%
Les Pays-Bas ont plusieurs capitales (Royale, Economique, Legislatives, Administratives). Cependant la constitution désigne une capitale "officielle" : Amsterdam
92%
Dar es Salaam, l'ancienne capitale de la Tanzanie reste la capitale "de facto" car elle continue à héberger le gouvernement, la présidence, les ministères, la magistrature et les missions diplomatiques bien que la capitale officielle soit : Dodoma
92%
Rio de Janeiro était la capitale du Brésil jusqu'en 1960 puis a été remplacé par : Brasilia
83%
Karachi est la capitale historique du Pakistan jusqu'en 1958, brièvement remplacé par Rawalpini puis depuis 1960 par : Islamabad
75%
La junte militaire au pouvoir en Birmanie a déplacé la capitale de Rangoon à : Naypyidaw
75%
Cotonou est le siège du gouvernement du Benin bien que la capitale officielle soit : Porto-Novo
75%
Colombo était la capitale du Sri Lanka jusqu'en 1980 a été remplacé par : Sri Jayawardenapura Kotte
75%
Depuis l'indépendance en 1991, le Kazakhstan a eu comme Capitale Almaty de 1991 à 97 puis la ville actuelle qui s'appelait Akmoula jusqu'en 1998, puis son nom actuel avant de la renommer "Nour-Soultan" de 2019 à 2022 pour reprendre son nom qui est ? Astana
67%
Bujumbura était la capitale officielle du Burundi depuis l'indépendance en 1962 jusqu'en 2018 où la capitale est devenue : Gitega
67%
Berne est reconnue comme la capitale "de facto" de la Suisse bien que la suisse n'ait pas de capitale officielle parce que c'est Le siège du gouvernement fédéral
67%
Une nouvelle capitale, Ciudad de la Paz, est en construction en 2023 et est amenée à remplacer la capitale de la Guinée Equatoriale qui est encore actuellement : Malabo
67%
Abidjan était la capitale de la Côte d'Ivoire qui a été supplanté en 1983 par : Yamoussoukro
58%
Sanaa reste la capitale officielle du Yemen mais étant occupé par les rebelles Houthis depuis 2015, quel ville est devenue la capitale "de facto" ? Aden
50%
L'Afrique du Sud compte 3 capitales, respectivement Judiciaire, Legislative et Administrative soit : Bloemfontein - Le Cap - Pretoria
50%
Pour faire face à la surpopulation de Jakarta, le gouvernement indonésien a décidé de construire une nouvelle capitale qui est la capitale officielle depuis le 17 août 2024 : Nusantara
50%
La Bolivie a 2 capitales, La Paz et Sucre, mais laquelle est la capitale constitutionnelle ? Sucre
17%
Aucun quiz correspondant
Distribution des résultats
% des personnes avec chaque résultat
Percentile par nombre de réponses
Votre historique - résultats
Vous n’avez pas pris ce quiz